[Event "VIE-chT (Women)"]
[Site "Ho Chi Minh City"]
[Date "2015.07.17"]
[Round "2.13"]
[White "Hoang, Thi Hai Anh"]
[Black "Le, Thuy Vi"]
[Result "1-0"]
[WhiteElo "1917"]
[BlackElo "1559"]
[PlyCount "83"]
[EventDate "2015.07.16"]
[EventType "team-swiss"]
[EventRounds "9"]
[EventCountry "VIE"]
[SourceTitle "EXT 2016"]
[Source "ChessBase"]
[SourceDate "2015.10.08"]
[SourceVersion "1"]
[SourceVersionDate "2015.10.08"]
[SourceQuality "1"]

1. d4 Nf6 2. Nf3 g6 3. c4 d6 4. Nc3 Bg7 5. e4 0-0 6. Be2 e5 7. 0-0 exd4 8. Nxd4 Qe7 9. f3 h6 10. Be3 Nc6 11. Rc1 Ne5 12. Nd5 Nxd5 13. cxd5 f5 14. Nb5 c6 15. dxc6 Nxc6 16. Nxd6 Kh7 17. Nxc8 Raxc8 18. Bc5 Bd4+ 19. Bxd4 Rfd8 20. Bc5 Rxd1 21. Bxe7 Rxf1+ 22. Kxf1 Nxe7 23. Rxc8 Nxc8 24. exf5 gxf5 25. Bd3 Nd6 26. g4 Kg7 27. Bxf5 Nc4 28. b3 Ne3+ 29. Ke2 Nd5 30. Be4 Nc3+ 31. Kd3 Nxa2 32. Bxb7 Nc1+ 33. Kc4 a5 34. Bd5 Ne2 35. Be4 Kf6 36. h4 Nc1 37. Bd3 Na2 38. Kb5 Nc3+ 39. Kxa5 Nd5 40. b4 Nf4 41. Be4 Ng2 42. g5+ 1-0

[Event "VIE-ch Resolution (Women) 7th"]
[Site "Bac Giang"]
[Date "2014.12.12"]
[Round "7"]
[White "Le, Thuy Vi"]
[Black "Phan, Thao Nguyen"]
[Result "1-0"]
[WhiteElo "1559"]
[BlackElo "1571"]
[PlyCount "71"]
[EventDate "2014.12.05"]
[EventType "swiss"]
[EventRounds "9"]
[EventCountry "VIE"]
[SourceTitle "EXT 2019"]
[Source "ChessBase"]
[SourceDate "2018.10.10"]
[SourceVersion "1"]
[SourceVersionDate "2018.10.10"]
[SourceQuality "1"]

1. e4 c5 2. Nf3 Nc6 3. d4 cxd4 4. Nxd4 Nf6 5. Nc3 e5 6. Nde2 d6 7. Be3 Be7 8. Ng3 Be6 9. Be2 a6 10. 0-0 0-0 11. f4 exf4 12. Bxf4 Ne5 13. Bxe5 dxe5 14. Qxd8 Raxd8 15. Rad1 h6 16. a3 b5 17. Nf5 Bxf5 18. exf5 Kh7 19. Bf3 Nd7 20. b4 Nb6 21. Nd5 Nxd5 22. Bxd5 Rc8 23. Rf2 Bf6 24. Re2 Rb8 25. c4 bxc4 26. Bxc4 Rb6 27. Rd7 h5 28. Bxf7 Kh6 29. Bc4 Ra8 30. Red2 Rc8 31. Be2 e4 32. R7d6 Rbb8 33. g3 Kg5 34. Rxa6 Ra8 35. a4 Rxa6 36. Bxa6 1-0

[Event "VIE-ch U20 Girls"]
[Site "Ho Chi Minh City"]
[Date "2014.07.13"]
[Round "1"]
[White "Nguyen Tran Ngoc, Thuy"]
[Black "Le, Thuy Vi"]
[Result "1/2-1/2"]
[WhiteElo "1887"]
[BlackElo "1559"]
[PlyCount "92"]
[EventDate "2014.07.13"]
[EventType "swiss"]
[EventRounds "9"]
[EventCountry "VIE"]
[SourceTitle "EXT 2016"]
[Source "ChessBase"]
[SourceDate "2015.10.08"]
[SourceVersion "1"]
[SourceVersionDate "2015.10.08"]
[SourceQuality "1"]

1. e4 c5 2. Nf3 d6 3. d4 cxd4 4. Nxd4 Nf6 5. Nc3 a6 6. Bc4 e6 7. 0-0 Be7 8. Be3 0-0 9. a4 Qc7 10. Bb3 Nc6 11. f4 e5 12. Nxc6 bxc6 13. f5 Bb7 14. g4 h6 15. h4 d5 16. exd5 cxd5 17. Nxd5 Bxd5 18. Bxd5 Nxd5 19. Qxd5 Qxc2 20. Rf2 Qc7 21. g5 hxg5 22. hxg5 e4 23. Qxe4 Rfe8 24. Qh4 Bd6 25. Qh3 Rxe3 26. Qxe3 Bc5 27. Rc1 Bxe3 28. Rxc7 Rb8 29. Kg2 Bxf2 30. Kxf2 Rxb2+ 31. Kf3 Rb4 32. g6 fxg6 33. fxg6 Kf8 34. Rf7+ Ke8 35. Rxg7 Kf8 36. Rf7+ Kg8 37. Rf4 Rb6 38. Rg4 Kg7 39. Ke3 Rxg6 40. Rxg6+ Kxg6 41. Kd4 Kf6 42. Kc5 Ke6 43. Kc6 a5 44. Kb5 Kd7 45. Kxa5 Kc7 46. Ka6 Kb8 1/2-1/2

[Event "VIE-ch (Women)"]
[Site "Da Lat"]
[Date "2014.04.01"]
[Round "10"]
[White "Le, Thi Ha"]
[Black "Le, Thuy Vi"]
[Result "1-0"]
[WhiteElo "1970"]
[BlackElo "1573"]
[PlyCount "61"]
[EventDate "2014.03.26"]
[EventType "swiss"]
[EventRounds "11"]
[EventCountry "VIE"]
[SourceTitle "CBM 159 Extra"]
[Source "ChessBase"]
[SourceDate "2014.04.24"]
[SourceVersion "1"]
[SourceVersionDate "2014.04.24"]
[SourceQuality "1"]

1. d4 d5 2. c4 e6 3. Nc3 c5 4. cxd5 exd5 5. dxc5 d4 6. Ne4 Bxc5 7. Nxc5 Qa5+ 8. Bd2 Qxc5 9. Rc1 Qf5 10. g3 Nc6 11. Bg2 Nge7 12. Nf3 Qb5 13. b3 0-0 14. 0-0 h6 15. Bf4 Bg4 16. Nxd4 Nxd4 17. Qxd4 Bxe2 18. Rfe1 Nf5 19. Qc5 g5 20. Qxb5 Bxb5 21. Rc5 Nd4 22. Be3 Rae8 23. Bxb7 Bd7 24. Rd1 Ne6 25. Rxd7 Nxc5 26. Bxc5 Re1+ 27. Kg2 Rfe8 28. Bd5 Rb8 29. Bxf7+ Kh7 30. Bh5+ Kg8 31. Bg6 1-0

[Event "VIE-ch (Women)"]
[Site "Da Lat"]
[Date "2014.03.30"]
[Round "7"]
[White "Pham, Thi Thuy Hoa"]
[Black "Le, Thuy Vi"]
[Result "1-0"]
[WhiteElo "1697"]
[BlackElo "1573"]
[PlyCount "41"]
[EventDate "2014.03.26"]
[EventType "swiss"]
[EventRounds "11"]
[EventCountry "VIE"]
[SourceTitle "CBM 159 Extra"]
[Source "ChessBase"]
[SourceDate "2014.04.24"]
[SourceVersion "1"]
[SourceVersionDate "2014.04.24"]
[SourceQuality "1"]

1. e4 c5 2. Nf3 d6 3. d4 cxd4 4. Nxd4 Nf6 5. Nc3 a6 6. f4 e6 7. Bd3 Be7 8. 0-0 0-0 9. Be3 b5 10. a3 Bb7 11. e5 dxe5 12. fxe5 Nd5 13. Nxd5 Bxd5 14. Qh5 g6 15. Qg4 Nd7 16. Bh6 Nxe5 17. Qf4 Nxd3 18. cxd3 Bc5 19. Bxf8 Qxf8 20. Kh1 Rd8 21. Nf3 1-0

[Event "VIE-ch op (Women)"]
[Site "Ho Chi Minh City"]
[Date "2013.11.23"]
[Round "7"]
[White "Le, Thuy Vi"]
[Black "Nguyen, Thi Minh Thu"]
[Result "0-1"]
[WhiteElo "1590"]
[BlackElo "1658"]
[PlyCount "98"]
[EventDate "2013.11.19"]
[EventType "swiss"]
[EventRounds "9"]
[EventCountry "VIE"]
[SourceTitle "CBM 157 Extra"]
[Source "ChessBase"]
[SourceDate "2013.12.19"]
[SourceVersion "1"]
[SourceVersionDate "2013.12.19"]
[SourceQuality "1"]

1. e4 Nf6 2. Nc3 d6 3. Nf3 g6 4. Bc4 Bg7 5. h3 c5 6. d4 cxd4 7. Nxd4 Bd7 8. 0-0 Qb6 9. Nb3 Nc6 10. Be3 Qc7 11. Qd2 0-0 12. Bh6 Ne5 13. Bd3 a6 14. Bxg7 Kxg7 15. f4 Nxd3 16. cxd3 b5 17. Rac1 Qb6+ 18. Qf2 Qxf2+ 19. Rxf2 b4 20. Nd1 Bb5 21. Rd2 Rac8 22. Kf2 e5 23. g3 Ba4 24. Rdc2 Rxc2+ 25. Rxc2 Nd7 26. Ne3 Nc5 27. Nc4 Nxb3 28. axb3 Bxb3 29. Rc1 Rc8 30. Ke3 Kf6 31. Kd2 Bxc4 32. dxc4 Ke6 33. b3 a5 34. Ra1 Rc5 35. Ke3 f5 36. Rd1 fxe4 37. Kxe4 a4 38. bxa4 Rxc4+ 39. Ke3 Rc3+ 40. Rd3 Ra3 41. fxe5 dxe5 42. Kd2 Rxa4 43. Kc2 Ra2+ 44. Kb1 Ra3 45. Rd8 Rxg3 46. Re8+ Kd5 47. Rd8+ Kc4 48. Rc8+ Kb3 49. Rc1 Rxh3 0-1

[Event "VIE-ch op (Women)"]
[Site "Ho Chi Minh City"]
[Date "2013.11.19"]
[Round "2"]
[White "Le, Thuy Vi"]
[Black "Pham, Thi Thu Hien"]
[Result "0-1"]
[WhiteElo "1590"]
[BlackElo "2138"]
[PlyCount "62"]
[EventDate "2013.11.19"]
[EventType "swiss"]
[EventRounds "9"]
[EventCountry "VIE"]
[SourceTitle "CBM 157 Extra"]
[Source "ChessBase"]
[SourceDate "2013.12.19"]
[SourceVersion "1"]
[SourceVersionDate "2013.12.19"]
[SourceQuality "1"]

1. e4 c5 2. Nf3 d6 3. d4 cxd4 4. Nxd4 Nf6 5. Nc3 a6 6. Be2 e6 7. 0-0 Qc7 8. Be3 Be7 9. f4 Nc6 10. Bf3 Na5 11. Nce2 0-0 12. c3 Rb8 13. Qe1 b5 14. f5 e5 15. Nc2 Bb7 16. Ng3 Nc4 17. Bc1 d5 18. b3 Nb6 19. Bg5 Rbc8 20. Bxf6 Bxf6 21. exd5 Qxc3 22. Ne3 e4 23. Bxe4 Bd4 24. Qxc3 Rxc3 25. Rad1 Bxe3+ 26. Kh1 Nd7 27. Ne2 Rcc8 28. Rd3 Bb6 29. Nf4 Nc5 30. Re3 Rfe8 31. Rfe1 Nxe4 0-1

[Event "VIE-chT (Women)"]
[Site "Bac Giang"]
[Date "2013.08.20"]
[Round "10"]
[White "Nguyen Thi Thao, Linh"]
[Black "Le, Thuy Vi"]
[Result "1-0"]
[WhiteElo "1888"]
[BlackElo "1588"]
[PlyCount "201"]
[EventDate "2013.08.14"]
[EventType "team-swiss"]
[EventRounds "11"]
[EventCountry "VIE"]
[SourceTitle "CBM 156 Extra"]
[Source "ChessBase"]
[SourceDate "2013.10.22"]
[SourceVersion "1"]
[SourceVersionDate "2013.10.22"]
[SourceQuality "1"]

1. d4 d5 2. Nf3 Nf6 3. e3 e6 4. Bd3 c5 5. b3 Nc6 6. 0-0 Bd6 7. Bb2 0-0 8. Nbd2 Qe7 9. Ne5 cxd4 10. exd4 Ba3 11. Bxa3 Qxa3 12. Ndf3 h6 13. Nxc6 bxc6 14. Ne5 c5 15. c3 cxd4 16. cxd4 Ba6 17. Re1 Bxd3 18. Qxd3 Rfc8 19. Qd2 Ne4 20. Qf4 Nd6 21. Nd3 Rc6 22. h3 Rac8 23. Re2 Qa6 24. Re3 Nf5 25. Nb4 Qb7 26. Nxc6 Nxe3 27. Nxa7 Nxg2 28. Kxg2 Qxa7 29. Qd2 f6 30. a4 Qb7 31. Qe3 Kf7 32. a5 Ra8 33. Qc3 e5 34. dxe5 d4+ 35. Qf3 Qxf3+ 36. Kxf3 fxe5 37. b4 Ke6 38. Ke4 Kd6 39. Rc1 Rb8 40. Rb1 Rf8 41. b5 Rf4+ 42. Kd3 Kc7 43. b6+ Kb8 44. a6 Rf3+ 45. Ke4 Ra3 46. a7+ Kb7 47. Kxe5 d3 48. Ke4 d2 49. Rd1 Kxb6 50. Rxd2 Rxa7 51. Rd6+ Kc5 52. Rd2 g6 53. Ke5 Rf7 54. f4 Rf5+ 55. Ke4 Rf8 56. Rd7 Kc6 57. Rh7 h5 58. Ra7 Re8+ 59. Kf3 Kd5 60. Ra5+ Kd6 61. Ra6+ Kd5 62. Rxg6 Rh8 63. Kg3 Ke4 64. Re6+ Kf5 65. Re5+ Kf6 66. Kh4 Rg8 67. Rxh5 Rg1 68. Ra5 Rg8 69. Rh5 Rg1 70. Ra5 Rg8 71. Rg5 Ra8 72. Kg4 Rd8 73. h4 Rd1 74. Kf3 Rf1+ 75. Ke3 Ra1 76. h5 Ra3+ 77. Ke4 Ra4+ 78. Kf3 Ra1 79. Kg2 Ra4 80. Kg3 Ra1 81. Rb5 Rc1 82. Kf3 Rf1+ 83. Ke3 Ra1 84. Rb8 Rh1 85. Rf8+ Kg7 86. Rf5 Ra1 87. Ke4 Re1+ 88. Kd5 Ra1 89. Rg5+ Kf6 90. Kd6 Ra6+ 91. Kd7 Ra7+ 92. Kc6 Ra1 93. Rg4 Rh1 94. Rg5 Rf1 95. Rg4 Rh1 96. Rg5 Rf1 97. Rg4 Rh1 98. Rg5 Rf1 99. Rg8 Kf7 100. Rg4 Rh1 101. Kd5 1-0

[Event "VIE-chT (Women)"]
[Site "Bac Giang"]
[Date "2013.08.18"]
[Round "7"]
[White "Phan, Thao Nguyen"]
[Black "Le, Thuy Vi"]
[Result "0-1"]
[WhiteElo "1618"]
[BlackElo "1588"]
[PlyCount "59"]
[EventDate "2013.08.14"]
[EventType "team-swiss"]
[EventRounds "11"]
[EventCountry "VIE"]
[SourceTitle "CBM 156 Extra"]
[Source "ChessBase"]
[SourceDate "2013.10.22"]
[SourceVersion "1"]
[SourceVersionDate "2013.10.22"]
[SourceQuality "1"]

1. e4 c5 2. Nf3 d6 3. d4 cxd4 4. Nxd4 Nf6 5. Nc3 a6 6. Be2 e6 7. 0-0 Be7 8. Be3 0-0 9. Qd2 b5 10. a3 Bb7 11. Bd3 Nbd7 12. Nde2 d5 13. exd5 Nxd5 14. Nxd5 Bxd5 15. f4 Bc5 16. f5 Qg5 17. Nf4 Bxe3+ 18. Qxe3 Qf6 19. h3 Qe5 20. Rae1 Qxe3+ 21. Rxe3 Nc5 22. Nxd5 exd5 23. g4 Rfe8 24. Rxe8+ Rxe8 25. Kg2 Nxd3 26. cxd3 Re2+ 27. Kg3 f6 28. Rf3 Rxb2 29. d4 Rd2 30. h4 0-1

[Event "VIE-ch U20 Girls"]
[Site "Da Lat"]
[Date "2013.07.??"]
[Round "9"]
[White "Le, Thuy Vi"]
[Black "Nguyen Tran Ngoc, Thuy"]
[Result "1/2-1/2"]
[WhiteElo "1588"]
[BlackElo "1887"]
[PlyCount "24"]
[EventDate "2013.07.13"]
[EventType "tourn"]
[EventRounds "9"]
[EventCountry "VIE"]
[SourceTitle "EXT 2014"]
[Source "ChessBase"]
[SourceDate "2013.11.20"]
[SourceVersion "1"]
[SourceVersionDate "2013.11.20"]
[SourceQuality "1"]

1. e4 c6 2. d4 d5 3. Nc3 e6 4. Nf3 Bb4 5. Bd3 c5 6. Bb5+ Bd7 7. Bxd7+ Nxd7 8. exd5 exd5 9. Qe2+ Qe7 10. Qxe7+ Nxe7 11. Bd2 0-0 12. 0-0 Nc6 1/2-1/2

[Event "VIE-ch U20 Girls"]
[Site "Da Lat"]
[Date "2013.07.??"]
[Round "6"]
[White "Nguyen Vuong Ai, Minh"]
[Black "Le, Thuy Vi"]
[Result "1-0"]
[WhiteElo "1992"]
[BlackElo "1588"]
[PlyCount "99"]
[EventDate "2013.07.13"]
[EventType "tourn"]
[EventRounds "9"]
[EventCountry "VIE"]
[SourceTitle "EXT 2014"]
[Source "ChessBase"]
[SourceDate "2013.11.20"]
[SourceVersion "1"]
[SourceVersionDate "2013.11.20"]
[SourceQuality "1"]

1. d4 Nf6 2. c4 g6 3. Nc3 d5 4. e3 Bg7 5. Nf3 e6 6. b3 0-0 7. Bd3 Nbd7 8. 0-0 c5 9. Ba3 Qa5 10. Qc1 b6 11. Rb1 Re8 12. b4 cxb4 13. Bxb4 Qa6 14. Nb5 Bb7 15. Nc7 Qxa2 16. Qc3 Qa4 17. Nb5 a6 18. Ra1 axb5 19. Rxa4 bxa4 20. Ra1 dxc4 21. Qxc4 Rec8 22. Qa2 Bd5 23. Qe2 Ne4 24. Bb5 Ndf6 25. Rxa4 Rxa4 26. Bxa4 Rc1+ 27. Be1 Nc3 28. Qb2 Rxe1+ 29. Nxe1 Nxa4 30. Qb5 Nc3 31. Qxb6 Bf8 32. Nd3 Nce4 33. f3 Nd6 34. e4 Nd7 35. Qc7 Bc4 36. Nb2 Bb5 37. g4 Ne8 38. Qa5 Bc6 39. d5 exd5 40. exd5 Bc5+ 41. Kg2 Bb7 42. Qb5 Bc8 43. Nc4 Bd6 44. Qc6 Bc7 45. d6 Ndf6 46. dxc7 h6 47. Nd6 Bd7 48. c8Q Bxc6 49. Qxc6 Ng7 50. Qc8+ 1-0

[Event "VIE-chT (Women)"]
[Site "Hanoi"]
[Date "2012.09.25"]
[Round "7"]
[White "Huynh Thi Hong, Suong"]
[Black "Le, Thuy Vi"]
[Result "1-0"]
[WhiteElo "1896"]
[BlackElo "1606"]
[PlyCount "57"]
[EventDate "2012.09.21"]
[EventType "team-tourn"]
[EventRounds "9"]
[EventCountry "VIE"]
[SourceTitle "CBM 150 Extra"]
[Source "ChessBase"]
[SourceDate "2012.10.19"]
[SourceVersion "1"]
[SourceVersionDate "2012.10.19"]
[SourceQuality "1"]

1. d4 d5 2. Nf3 e6 3. c4 Nf6 4. Nc3 Nbd7 5. Bg5 Be7 6. e3 a6 7. Rc1 0-0 8. cxd5 exd5 9. Bd3 c6 10. 0-0 Re8 11. Qc2 h6 12. Bxf6 Nxf6 13. Ne5 Be6 14. f4 Bd6 15. h3 h5 16. Qf2 Qc8 17. Na4 Bc7 18. Nc5 Rb8 19. Qh4 Bf5 20. Be2 Bg6 21. Qg5 Qf5 22. Qh4 Qc8 23. g4 hxg4 24. hxg4 Be4 25. Rf2 Kf8 26. Qh8+ Ke7 27. Qxg7 Bxe5 28. fxe5 Nd7 29. Rxf7+ 1-0